000 00274nam a22001097a 4500
008 140219t xxu||||| |||| 00| 0 eng d
020 _a0-382-37984-5
100 _aSilver burdett Ginn
_9756
245 _aMathematics
_bthe path to math success!
300 _aJ16
942 _2ddc
_cBK
999 _c17013
_d17013